[Event "VEN-chT Liga Superior qual"]
[Site "Caracas"]
[Date "2018.01.26"]
[Round "2.6"]
[White "Alvino Caraballo, Carlos Enrique"]
[Black "Pimentel Barreto, Jesus Antonio"]
[Result "1-0"]
[WhiteElo "1954"]
[BlackElo "1764"]
[PlyCount "51"]
[EventDate "2018.01.26"]
[EventType "team-swiss"]
[EventRounds "6"]
[EventCountry "VEN"]
[SourceTitle "EXT 2022"]
[Source "ChessBase"]
[SourceDate "2021.10.06"]
[SourceVersion "1"]
[SourceVersionDate "2021.10.06"]
[SourceQuality "1"]
[WhiteTeam "GM Julio Bolbochan"]
[BlackTeam "Caracas 64"]
[WhiteTeamCountry "VEN"]
[BlackTeamCountry "VEN"]

1. e4 c5 2. Nf3 d6 3. d4 cxd4 4. Nxd4 Nf6 5. Nc3 a6 6. Bc4 e6 7. Bb3 Qc7 8. f4 b5 9. f5 e5 10. Nf3 h6 11. g4 Bb7 12. g5 Nxe4 13. Nd5 Qa5+ 14. c3 hxg5 15. Be3 Nd7 16. a4 Qd8 17. Bc2 Bxd5 18. Qxd5 Nef6 19. Qc6 b4 20. Nxg5 Qc8 21. Qg2 d5 22. Bd2 Qc4 23. 0-0-0 b3 24. Bb1 Rc8 25. Rhe1 Be7 26. Ne6 1-0

[Event "Caracas FVA 80th Ann"]
[Site "Caracas"]
[Date "2015.12.18"]
[Round "6"]
[White "Zambrano Jhonson, Mario"]
[Black "Pimentel Barreto, Jesus Antonio"]
[Result "0-1"]
[WhiteElo "1600"]
[BlackElo "1829"]
[PlyCount "130"]
[EventDate "2015.12.16"]
[EventType "swiss"]
[EventRounds "8"]
[EventCountry "VEN"]
[SourceTitle "EXT 2018"]
[Source "ChessBase"]
[SourceDate "2017.10.13"]
[SourceVersion "1"]
[SourceVersionDate "2017.10.13"]
[SourceQuality "1"]

1. d4 d5 2. Nf3 Nf6 3. g3 c6 4. Bg2 Bg4 5. Ne5 Bh5 6. Nd2 Nbd7 7. Ndf3 e6 8. Bg5 Be7 9. 0-0 0-0 10. Nxd7 Qxd7 11. Ne5 Qd8 12. h3 Nd7 13. Bxe7 Qxe7 14. Nxd7 Qxd7 15. c3 Rac8 16. Qd2 c5 17. dxc5 Rxc5 18. e4 Rd8 19. g4 Bg6 20. Rfd1 Qc8 21. exd5 exd5 22. Qe3 f6 23. Rd4 Bf7 24. Rad1 h6 25. Qd2 a5 26. a4 Qc6 27. Bf1 b6 28. Bb5 Qc7 29. Re1 Qc8 30. Qe3 Rc7 31. Rd2 Rc5 32. Rde2 h5 33. Qd4 Bg6 34. Re7 Be4 35. f3 Bg6 36. Kg2 hxg4 37. hxg4 Bf7 38. Qd3 Rc7 39. Qd4 Qb8 40. Qe3 d4 41. cxd4 Rxe7 42. Qxe7 Rxd4 43. Re2 Qf4 44. Be8 Bxe8 45. Qxe8+ Kh7 46. Qh5+ Qh6 47. Qf5+ Qg6 48. Qb5 Rb4 49. Qd7 Qb1 50. Kg3 Qg1+ 51. Rg2 Qe1+ 52. Kh3 Qe5 53. Qd3+ Kh6 54. Qd2+ Qf4 55. Qd5 Qg5 56. Qd8 Qe5 57. Qd2+ g5 58. Rh2 Rd4 59. Qc3 Qd6 60. Kg2+ Kg7 61. Kh3 Rd3 62. Qe1 Rxf3+ 63. Kg2 Qd5 64. Kg1 Qd4+ 65. Kg2 Qxg4+ 0-1

[Event "Caracas FVA 80th Ann"]
[Site "Caracas"]
[Date "2015.12.17"]
[Round "4"]
[White "Pimentel Barreto, Jesus Antonio"]
[Black "Jaimes Gonzalez, Ludin Esteban"]
[Result "0-1"]
[WhiteElo "1829"]
[BlackElo "2046"]
[PlyCount "66"]
[EventDate "2015.12.16"]
[EventType "swiss"]
[EventRounds "8"]
[EventCountry "VEN"]
[SourceTitle "EXT 2018"]
[Source "ChessBase"]
[SourceDate "2017.10.13"]
[SourceVersion "1"]
[SourceVersionDate "2017.10.13"]
[SourceQuality "1"]

1. b4 Nf6 2. Bb2 d5 3. a3 e6 4. Nf3 c5 5. bxc5 Bxc5 6. d4 Bd6 7. Nbd2 0-0 8. e3 Nc6 9. Bd3 Re8 10. 0-0 e5 11. dxe5 Nxe5 12. Nxe5 Bxe5 13. Bxe5 Rxe5 14. Nf3 Rh5 15. Be2 Qd6 16. g3 Ne4 17. Qd4 Bg4 18. c4 Re8 19. Rfd1 Qg6 20. Ra2 Qf5 21. cxd5 Bxf3 22. Bxf3 Qxf3 23. d6 b6 24. Qa4 Rd8 25. Rc1 Nxg3 26. fxg3 Qxe3+ 27. Kg2 Qxc1 28. Rc2 Ra5 29. Qe4 Re5 30. Qa4 b5 31. Qb3 Re3 32. Qa2 Qd1 33. Rf2 Qb3 0-1